000 00685nam a2200241Ia 4500
005 20260121112534.0
008 6804 260114s9999 xx 000 0 eng d
020 _a9789812838438
037 _aEBOOK
040 _aCRL
_beng
_cCRL
041 _aeng
_2eng
084 _qCRL
100 _aHamori Shigeyuki Et Al
_9959231
245 0 _aIntroduction of the Euro and the Monetary Policy of the European Central Bank
260 _bWorld Scientific
260 _bWSPC
260 _c2009
650 _aEconomics & Finance
_9959232
856 _uhttps://www.worldscientific.com/worldscibooks/10.1142/7169#t=toc
942 _cEBOOK
999 _c1544104
_d1544104